000 00313nam a2200133 i 4500
001 bg
100 1 _aMILCARZ, Stanisław
245 0 _aRepublika Argentyńska /
_cStanisław Milcarz.
260 _aWarszawa,
_c1977.
040 _cBPK
041 _apol
942 _cKS
008 s pl f |000 0 pol
999 _c17413
_d17413
856 _uhttp://koha.tu.koszalin.pl/cgi-bin/koha/opac-detail.pl?biblionumber=17413
_yKatalog online BPK